Rouyn-Beauchastel map-areas, Quebec. (Record no. 29778)

MARC details
000 -LEADER
fixed length control field 00892cam a22002651 4500
001 - CONTROL NUMBER
control field gs 64000040
003 - CONTROL NUMBER IDENTIFIER
control field DLC
005 - DATE AND TIME OF LATEST TRANSACTION
control field 20260227111413.0
008 - FIXED-LENGTH DATA ELEMENTS--GENERAL INFORMATION
fixed length control field 720321s1962 xx 000 0 eng
010 ## - LIBRARY OF CONGRESS CONTROL NUMBER
LC control number gs 64000040
035 ## - SYSTEM CONTROL NUMBER
System control number (OCoLC)268250
040 ## - CATALOGING SOURCE
Original cataloging agency DLC
Transcribing agency OAkU
Modifying agency DLC
042 ## - AUTHENTICATION CODE
Authentication code premarc
050 00 - LIBRARY OF CONGRESS CALL NUMBER
Classification number QE185
Item number .A2 no. 315
100 1# - MAIN ENTRY--PERSONAL NAME
Personal name Wilson, Morley Evans,
Dates associated with a name 1882-
245 10 - TITLE STATEMENT
Title Rouyn-Beauchastel map-areas, Quebec.
260 ## - PUBLICATION, DISTRIBUTION, ETC.
Place of publication, distribution, etc. [Ottawa]
Name of publisher, distributor, etc. Dept. of Mines and Technical Surveys, Canada
Date of publication, distribution, etc. [1962]
300 ## - PHYSICAL DESCRIPTION
Extent 140 p.
Other physical details illus., maps (8 fold. col.) diagrs. (part fold., 1 col.)
410 20 - SERIES STATEMENT/ADDED ENTRY--CORPORATE NAME [OBSOLETE, CAN/MARC], [LOCAL, USA]
Corporate name or jurisdiction name as entry element Geological Survey of Canada.
Title of a work Memoir
Volume number/sequential designation 315
500 ## - GENERAL NOTE
General note Text and illustrative matter in slipcase.
500 ## - GENERAL NOTE
General note Abstract also in French.
504 ## - BIBLIOGRAPHY, ETC. NOTE
Bibliography, etc. note Bibliography: p. 113-118.
650 #0 - SUBJECT ADDED ENTRY--TOPICAL TERM
Topical term or geographic name entry element Geology
Geographic subdivision Québec (Province)
650 #0 - SUBJECT ADDED ENTRY--TOPICAL TERM
Topical term or geographic name entry element Mines and mineral resources
Geographic subdivision Québec (Province)

No items available.

Powered by Koha